[Event "Orsha Blitz 2019"]
[Site "Orsha"]
[Date "2019.01.19"]
[Round "1.2"]
[White "Titov, Kirill"]
[Black "Moskalenko, Alexander"]
[Result "0-1"]
[WhiteElo "1512"]
[BlackElo "2510"]
[PlyCount "166"]
[EventDate "2019.01.19"]
[EventType "swiss (blitz)"]
[EventRounds "10"]
[EventCountry "BLR"]

1. d4 Nf6 2. Bf4 e6 3. e3 d5 4. Nf3 Bd6 5. Bg3 c5 6. c3 Qc7 7. Bd3 Nbd7 8. Nbd2
b6 9. O-O Bb7 10. Re1 O-O 11. e4 Bxg3 12. hxg3 dxe4 13. Nxe4 Rad8 14. dxc5 Nxc5
15. Nxf6+ gxf6 16. Re3 Ba6 17. Ne1 Nxd3 18. Nxd3 f5 19. Qc2 Bxd3 20. Rxd3 Rxd3
21. Qxd3 Rd8 22. Qe3 Qe7 23. Re1 Rd7 24. Qf4 Kg7 25. g4 Qf6 26. gxf5 Qxf5 27.
Qg3+ Qg6 28. Qe5+ Qf6 29. Qg3+ Kf8 30. Qb8+ Ke7 31. Qg3 h6 32. Qe3 Qg5 33. Qe4
b5 34. Qb4+ Ke8 35. Qe4 Qc5 36. Qh4 Rd2 37. Rf1 Qg5 38. Qb4 Qd5 39. Qa3 h5 40.
Qxa7 Rxb2 41. Qb8+ Ke7 42. Qc7+ Kf8 43. Qc8+ Kg7 44. Qb8 Rxa2 45. Qg3+ Kf8 46.
Qb8+ Ke7 47. Qc7+ Ke8 48. Qb8+ Ke7 49. Qc7+ Kf8 50. Qb8+ Kg7 51. Qg3+ Kh7 52.
Qf4 Kg6 53. Qg3+ Qg5 54. Qd3+ Qf5 55. Qg3+ Kh7 56. Qe3 Rb2 57. Qd4 Rb1 58. Rxb1
Qxb1+ 59. Kh2 Qf5 60. f3 Kg6 61. Qd8 Qe5+ 62. Kg1 Qxc3 63. Qg8+ Qg7 64. Qb8
Qd4+ 65. Kh2 Qd5 66. Qg3+ Kf6 67. Qh4+ Kg7 68. Qg3+ Kh7 69. Qf4 Qf5 70. Qc1
Qe5+ 71. Kg1 Kg7 72. Qc2 b4 73. Qc4 Qe3+ 74. Kh2 b3 75. Qh4 Qe5+ 76. Kh1 b2 77.
Qb4 Kh7 78. Kg1 Qe3+ 79. Kh2 Qc1 80. Qe4+ Kg8 81. Qa8+ Kg7 82. Qa5 Qf4+ 83. Kh3
Qf5+ 0-1

[Event "Orsha Blitz 2019"]
[Site "Orsha"]
[Date "2019.01.19"]
[Round "1.4"]
[White "Baryschyk, Sergey"]
[Black "Zabotin, Alexander"]
[Result "0-1"]
[WhiteElo "1497"]
[BlackElo "2439"]
[PlyCount "102"]
[EventDate "2019.01.19"]
[EventType "swiss (blitz)"]
[EventRounds "10"]
[EventCountry "BLR"]

1. d4 Nf6 2. Nc3 d5 3. Bg5 Bf5 4. f3 Nbd7 5. Qd2 c6 6. h4 h6 7. Bf4 e6 8. O-O-O
Qa5 9. g4 Bg6 10. e3 Bb4 11. Kb1 Nb6 12. a3 Bxc3 13. Qxc3 Qxc3 14. bxc3 Na4 15.
Ne2 h5 16. g5 Nd7 17. Bg2 Ndb6 18. e4 Nc4 19. Ka2 O-O 20. Kb3 b5 21. Nc1 dxe4
22. fxe4 e5 23. Bg3 Rfe8 24. Rhe1 Rad8 25. Bf2 a6 26. Nd3 exd4 27. cxd4 Nd6 28.
Ne5 Rc8 29. Nxg6 fxg6 30. e5 Nc4 31. Bg3 Nab6 32. Be4 Kh7 33. Bd3 Rcd8 34. c3
Na5+ 35. Kc2 Nd5 36. Re2 Nc4 37. Bxc4 bxc4 38. e6 Re7 39. Rde1 Kg8 40. Re5 Rb7
41. e7 Re8 42. Re6 Rbxe7 43. Rxe7 Rxe7 44. Rxe7 Nxe7 45. Bd6 Nd5 46. Kd2 Kf7
47. Ke2 Nxc3+ 48. Kd2 Nd5 49. Be5 Ke6 50. Kc2 Kf5 51. Bxg7 Kg4 0-1

[Event "Orsha Blitz 2019"]
[Site "Orsha"]
[Date "2019.01.19"]
[Round "1.5"]
[White "Teterev, Vitaly"]
[Black "Radzko, Tatsiana"]
[Result "1-0"]
[WhiteElo "2407"]
[BlackElo "1497"]
[PlyCount "57"]
[EventDate "2019.01.19"]
[EventType "swiss (blitz)"]
[EventRounds "10"]
[EventCountry "BLR"]

1. e4 e5 2. Nf3 Nc6 3. Bb5 Nf6 4. O-O a6 5. Bxc6 dxc6 6. d3 Bd6 7. Nbd2 O-O 8.
Nc4 Bg4 9. Ne3 Bh5 10. Nf5 Bc5 11. Ng3 Bg4 12. h3 Bxf3 13. Qxf3 Qd4 14. Be3 Qb4
15. Bg5 Be7 16. Nf5 Bd8 17. Rab1 Qa4 18. b3 Qxa2 19. Rbc1 Qa5 20. Qg3 Nh5 21.
Qg4 Bxg5 22. Qxg5 g6 23. Nh6+ Kg7 24. Ng4 h6 25. Qxh6+ Kg8 26. Qg5 Rfe8 27. f4
Qc5+ 28. Kh2 exf4 29. Qxc5 1-0

[Event "Orsha Blitz 2019"]
[Site "Orsha"]
[Date "2019.01.19"]
[Round "1.6"]
[White "Gvozdev, Timur"]
[Black "Mihajlovskij, Sergei"]
[Result "0-1"]
[WhiteElo "1490"]
[BlackElo "2406"]
[PlyCount "85"]
[EventDate "2019.01.19"]
[EventType "swiss (blitz)"]
[EventRounds "10"]
[EventCountry "BLR"]

1. e4 e6 2. d4 d5 3. Nc3 Bb4 4. e5 b6 5. a3 Bxc3+ 6. bxc3 Qd7 7. Bd3 Ba6 8. Nf3
h6 9. O-O Ne7 10. Nh4 Bxd3 11. Qxd3 Nbc6 12. f4 g6 13. Kh1 Na5 14. g4 h5 15. g5
Nc4 16. Be3 Qa4 17. Bf2 Nb2 18. Qd2 Kd7 19. Rfb1 Nc4 20. Qd3 a5 21. Rb3 Nf5 22.
Nxf5 exf5 23. Qf3 Ke6 24. Qd3 Rhb8 25. Rab1 Qc6 26. Be1 a4 27. Rb4 Nxa3 28. Ra1
Nc4 29. Bd2 a3 30. Ra2 Ra4 31. Rb3 Rba8 32. Bc1 Qb7 33. Rb4 Qa6 34. Kg2 Rxb4
35. cxb4 Qb5 36. Qb3 Ra4 37. c3 Qa6 38. Kf3 Qb5 39. Kg2 h4 40. Kh3 Nb2 41. Bxb2
Qf1+ 42. Kxh4 Ra8 43. Kg3 0-1

[Event "Orsha Blitz 2019"]
[Site "Orsha"]
[Date "2019.01.19"]
[Round "1.7"]
[White "Meshkov, Yuri A"]
[Black "Borodulin, Pavel"]
[Result "1-0"]
[WhiteElo "2387"]
[BlackElo "1481"]
[PlyCount "151"]
[EventDate "2019.01.19"]
[EventType "swiss (blitz)"]
[EventRounds "10"]
[EventCountry "BLR"]

1. e4 c5 2. Nf3 d6 3. Bb5+ Bd7 4. a4 Nc6 5. h3 g6 6. O-O Bg7 7. Re1 Nf6 8. d3
O-O 9. Nbd2 a6 10. Bc4 Qc7 11. Nf1 Rfb8 12. Ne3 b5 13. axb5 axb5 14. Rxa8 Rxa8
15. Bxb5 Qb6 16. Bc4 Na5 17. Nd5 Nxd5 18. Bxd5 Bc6 19. b3 Bxd5 20. exd5 Nb7 21.
Qe2 Bc3 22. Bd2 Bf6 23. Bg5 Kg7 24. Bxf6+ exf6 25. Nd2 Ra2 26. Nc4 Qa6 27. Qd2
Ra1 28. Rxa1 Qxa1+ 29. Kh2 f5 30. Qf4 Qa6 31. h4 f6 32. h5 Qa2 33. h6+ Kg8 34.
Qe3 Qa8 35. Qe7 Qf8 36. Qxf8+ Kxf8 37. f4 Kf7 38. Kh3 g5 39. g4 Kg6 40. gxf5+
Kxf5 41. fxg5 fxg5 42. Ne3+ Kg6 43. Ng4 Nd8 44. c3 Nf7 45. b4 cxb4 46. cxb4 Kf5
47. b5 Nd8 48. b6 Kf4 49. Nf6 g4+ 50. Nxg4 Kf5 51. Kg3 Kg5 52. Ne3 Kxh6 53.
Nf5+ Kg5 54. Nxd6 Kf6 55. b7 Nxb7 56. Nxb7 Ke5 57. d6 Ke6 58. Kg4 Kd7 59. d4
Kc6 60. d7 Kxd7 61. Nc5+ Kd6 62. Kf4 Kd5 63. Ke3 h5 64. Nd3 h4 65. Nf4+ Kd6 66.
Ke4 Kd7 67. Ke5 Ke7 68. d5 Kd7 69. Nh3 Ke7 70. d6+ Kd7 71. Kd5 Kd8 72. Ke6 Ke8
73. Nf4 Kd8 74. d7 h3 75. Nxh3 Kc7 76. Ke7 1-0

[Event "Orsha Blitz 2019"]
[Site "Orsha"]
[Date "2019.01.19"]
[Round "1.8"]
[White "Tsiuryn, Ilya"]
[Black "Borsuk, Yuriy"]
[Result "0-1"]
[WhiteElo "1480"]
[BlackElo "2385"]
[PlyCount "74"]
[EventDate "2019.01.19"]
[EventType "swiss (blitz)"]
[EventRounds "10"]
[EventCountry "BLR"]

1. b3 Nf6 2. Bb2 d5 3. e3 e6 4. c4 Nbd7 5. Nf3 g6 6. cxd5 exd5 7. d4 Bg7 8. Be2
O-O 9. O-O Ne4 10. Nc3 Nxc3 11. Bxc3 Re8 12. Rc1 c6 13. Bd3 Nf6 14. Re1 Ne4 15.
Bb2 Bg4 16. h3 Bd7 17. Nd2 Nd6 18. e4 dxe4 19. Nxe4 Nf5 20. Bc4 Be6 21. Bxe6
Rxe6 22. Rc4 Qe7 23. Kf1 Re8 24. Rc1 Rxe4 25. Rxe4 Qxe4 26. f3 Qe3 27. Qe1 Qd3+
28. Kg1 Rxe1+ 29. Rxe1 Bxd4+ 30. Bxd4 Qxd4+ 31. Kh2 Qd2 32. Re8+ Kg7 33. Re4
Ne3 34. Kg3 Nf1+ 35. Kg4 f5+ 36. Kh4 g5+ 37. Kh5 Ng3# 0-1

[Event "Orsha Blitz 2019"]
[Site "Orsha"]
[Date "2019.01.19"]
[Round "1.9"]
[White "Yashmetov, Mikhail"]
[Black "Masterov, Mikhail"]
[Result "1-0"]
[WhiteElo "2375"]
[BlackElo "1464"]
[PlyCount "67"]
[EventDate "2019.01.19"]
[EventType "swiss (blitz)"]
[EventRounds "10"]
[EventCountry "BLR"]

1. Nf3 d6 2. d4 e6 3. g3 Ne7 4. Bg2 Ng6 5. h4 h6 6. h5 Ne7 7. O-O Bd7 8. c4
Nec6 9. Nc3 Qe7 10. e4 e5 11. Nd5 Qd8 12. c5 Be6 13. cxd6 cxd6 14. dxe5 Nxe5
15. Be3 Nxf3+ 16. Bxf3 Nc6 17. Rc1 Be7 18. b4 O-O 19. b5 Ne5 20. Be2 b6 21. f4
Nd7 22. Bg4 f5 23. exf5 Bxf5 24. Bf3 Nf6 25. Nxf6+ Rxf6 26. Qd5+ Be6 27. Qxa8
Qxa8 28. Bxa8 d5 29. Bd4 Rf8 30. Rfe1 Ba3 31. Rxe6 Bxc1 32. Bxd5 Rd8 33. Re8+
Kh7 34. Be4+ 1-0

[Event "Orsha Blitz 2019"]
[Site "Orsha"]
[Date "2019.01.19"]
[Round "1.10"]
[White "Snitsarenko, Igor"]
[Black "Vorobjov, Pavel"]
[Result "0-1"]
[WhiteElo "1461"]
[BlackElo "2369"]
[PlyCount "78"]
[EventDate "2019.01.19"]
[EventType "swiss (blitz)"]
[EventRounds "10"]
[EventCountry "BLR"]

1. e4 c5 2. Nf3 Nc6 3. d4 cxd4 4. Nxd4 Qb6 5. Nb3 Nf6 6. Nc3 e6 7. Be3 Qc7 8.
Be2 Be7 9. O-O O-O 10. Kh1 d6 11. f4 a6 12. Qe1 b5 13. Bf3 b4 14. Ne2 Bb7 15.
Ned4 a5 16. Nxc6 Bxc6 17. c3 Bxe4 18. cxb4 Bxf3 19. Rxf3 axb4 20. Qxb4 Rfb8 21.
Qd2 Ne4 22. Qe1 Bf6 23. Rc1 Qb7 24. f5 Rxa2 25. fxe6 Qxb3 26. exf7+ Qxf7 27.
Bd4 Re8 28. Bxf6 Nxf6 29. Qd2 d5 30. Rcf1 Ra6 31. Qd3 Rae6 32. h3 Qd7 33. Rf5
h6 34. b4 Re1 35. b5 Rxf1+ 36. Rxf1 Rb8 37. Rb1 Rb6 38. Qd4 Rxb5 39. Rxb5 Qxb5
0-1

[Event "Orsha Blitz 2019"]
[Site "Orsha"]
[Date "2019.01.19"]
[Round "2.2"]
[White "Moskalenko, Alexander"]
[Black "Naumovich, Yaroslav"]
[Result "1-0"]
[WhiteElo "2510"]
[BlackElo "1934"]
[PlyCount "53"]
[EventDate "2019.01.19"]
[EventType "swiss (blitz)"]
[EventRounds "10"]
[EventCountry "BLR"]

1. Nf3 Nf6 2. b3 c5 3. Bb2 Nc6 4. e3 d5 5. Bb5 Qb6 6. Bxc6+ Qxc6 7. d3 Bg4 8.
h3 Bxf3 9. Qxf3 Rd8 10. Nd2 Qc7 11. O-O e5 12. Qg3 Nd7 13. c4 Qd6 14. Rad1 f6
15. cxd5 Qxd5 16. Ne4 Kf7 17. Qf3 Nb6 18. d4 cxd4 19. exd4 Be7 20. dxe5 Qc6 21.
exf6 gxf6 22. Ng5+ Kg6 23. Qe2 fxg5 24. Qxe7 Rhe8 25. Qg7+ Kf5 26. Qxh7+ Qg6
27. g4+ 1-0

[Event "Orsha Blitz 2019"]
[Site "Orsha"]
[Date "2019.01.19"]
[Round "2.3"]
[White "Mukhin, Vladislav"]
[Black "Grishchenko, Sergey"]
[Result "0-1"]
[WhiteElo "1926"]
[BlackElo "2467"]
[PlyCount "88"]
[EventDate "2019.01.19"]
[EventType "swiss (blitz)"]
[EventRounds "10"]
[EventCountry "BLR"]

1. e4 c6 2. e5 d5 3. exd6 exd6 4. d4 Nf6 5. Nf3 g6 6. c3 Bg7 7. Bd3 Be6 8. O-O
O-O 9. Bg5 Qb6 10. Qc2 Nd5 11. Nbd2 h6 12. Bh4 Qc7 13. Rfe1 Nf4 14. Nf1 Nxd3
15. Qxd3 Qd7 16. Bg3 Na6 17. Re2 Rfe8 18. b3 Bf5 19. Qd2 Rxe2 20. Qxe2 Re8 21.
Qd2 Bg4 22. Re1 Bxf3 23. Rxe8+ Qxe8 24. gxf3 Bf8 25. Bf4 Kh7 26. Ng3 d5 27. Qe2
Qxe2 28. Nxe2 g5 29. Be5 Kg6 30. Kf1 h5 31. h3 Be7 32. Nc1 f6 33. Bh2 Bd8 34.
Nd3 Ba5 35. b4 Bd8 36. Ke2 Kf5 37. Bd6 Bc7 38. Bxc7 Nxc7 39. Nc5 b6 40. Nd7 Ke6
41. Nf8+ Ke7 42. Nh7 Kf7 43. f4 gxf4 44. Kf3 Kg7 0-1

[Event "Orsha Blitz 2019"]
[Site "Orsha"]
[Date "2019.01.19"]
[Round "2.4"]
[White "Zabotin, Alexander"]
[Black "Runets, Ivan"]
[Result "1-0"]
[WhiteElo "2439"]
[BlackElo "1928"]
[PlyCount "101"]
[EventDate "2019.01.19"]
[EventType "swiss (blitz)"]
[EventRounds "10"]
[EventCountry "BLR"]

1. d4 Nf6 2. Nf3 e6 3. c4 d5 4. Nc3 Be7 5. Bg5 O-O 6. e3 h6 7. Bh4 b6 8. Bd3
Bb7 9. O-O Nbd7 10. Qe2 Ne4 11. Bg3 Nxc3 12. bxc3 Nf6 13. cxd5 Nxd5 14. Rac1 c5
15. e4 Nf6 16. Rcd1 cxd4 17. cxd4 Rc8 18. Bf4 Re8 19. Bb5 Bc6 20. Ba6 Bxe4 21.
Bxc8 Qxc8 22. Rc1 Qa8 23. Rfe1 Bxf3 24. Qxf3 Nd5 25. Bd2 Bf6 26. Qe4 Rd8 27.
Red1 Qb8 28. Be3 Qd6 29. h3 Qa3 30. Qd3 Qa4 31. Qc4 Qa3 32. Qb3 Qd6 33. Rc2 Kh7
34. Rdc1 g6 35. Rc6 Qe7 36. Rc8 Rd7 37. Qd3 Bg7 38. Qb1 Qa3 39. Qb3 Qe7 40.
R8c2 Rb7 41. Rc8 Rd7 42. Qb5 Qd6 43. Kh1 Qe7 44. Qc6 Rd6 45. Qe8 Qxe8 46. Rxe8
Nb4 47. a3 Nc6 48. Ra8 Bxd4 49. Bxd4 Nxd4 50. Rxa7 Nb3 51. Rcc7 1-0

[Event "Orsha Blitz 2019"]
[Site "Orsha"]
[Date "2019.01.19"]
[Round "2.5"]
[White "Silich, Yahor"]
[Black "Teterev, Vitaly"]
[Result "0-1"]
[WhiteElo "1889"]
[BlackElo "2407"]
[PlyCount "58"]
[EventDate "2019.01.19"]
[EventType "swiss (blitz)"]
[EventRounds "10"]
[EventCountry "BLR"]

1. e4 c5 2. Nf3 d6 3. Bb5+ Nd7 4. d4 Ngf6 5. dxc5 dxc5 6. Nc3 a6 7. Bxd7+ Nxd7
8. e5 e6 9. O-O Be7 10. Ne4 O-O 11. Nd6 Qc7 12. Bf4 Rd8 13. Nxc8 Raxc8 14. Qe2
c4 15. Ng5 Nf8 16. h4 Ng6 17. Bg3 Bxg5 18. hxg5 Rd5 19. Rfe1 Rcd8 20. Rad1 Qc6
21. f3 b5 22. Kh2 Qd7 23. Rxd5 Qxd5 24. Bf2 Ne7 25. Bb6 Rd7 26. a4 bxa4 27. Ra1
Qb5 28. Qe3 Nd5 29. Qc5 Qxb6 0-1

[Event "Orsha Blitz 2019"]
[Site "Orsha"]
[Date "2019.01.19"]
[Round "2.7"]
[White "Ivanov, Igor"]
[Black "Meshkov, Yuri A"]
[Result "0-1"]
[WhiteElo "1846"]
[BlackElo "2387"]
[PlyCount "80"]
[EventDate "2019.01.19"]
[EventType "swiss (blitz)"]
[EventRounds "10"]
[EventCountry "BLR"]

1. c4 g6 2. Nf3 Bg7 3. Nc3 c5 4. g3 Nc6 5. Bg2 a6 6. O-O Nh6 7. e3 Nf5 8. d3
Rb8 9. Rb1 b5 10. Ne4 d6 11. b3 O-O 12. Bb2 e5 13. Nc3 Nfe7 14. e4 Bg4 15. h3
Bxf3 16. Bxf3 Nd4 17. Bg2 Qa5 18. Ra1 Qc7 19. Nd5 Nxd5 20. cxd5 f5 21. Bxd4
exd4 22. exf5 gxf5 23. Qh5 c4 24. dxc4 bxc4 25. bxc4 d3 26. Rac1 Qc5 27. Qf3 d2
28. Rc2 Bh6 29. Qd3 Rbe8 30. Kh2 Re1 31. f4 Rxf1 32. Bxf1 Qf2+ 33. Bg2 Bg7 34.
Rxd2 Qc5 35. Re2 Rb8 36. Bf3 Rf8 37. Bh5 Bd4 38. Re8 Rxe8 39. Bxe8 Bg1+ 40. Kh1
Qf2 0-1

[Event "Orsha Blitz 2019"]
[Site "Orsha"]
[Date "2019.01.19"]
[Round "2.8"]
[White "Borsuk, Yuriy"]
[Black "Brovko, Nadezhda"]
[Result "1-0"]
[WhiteElo "2385"]
[BlackElo "1891"]
[PlyCount "141"]
[EventDate "2019.01.19"]
[EventType "swiss (blitz)"]
[EventRounds "10"]
[EventCountry "BLR"]

1. e4 c5 2. Nc3 Nc6 3. Bb5 e6 4. Bxc6 dxc6 5. d3 Qc7 6. Be3 Nf6 7. h3 Be7 8.
Nge2 e5 9. O-O O-O 10. a4 Be6 11. f4 exf4 12. Nxf4 Bd7 13. Qf3 Rad8 14. a5 Bc8
15. Qf2 b6 16. Nce2 Bd6 17. axb6 axb6 18. b4 Qe7 19. Ng3 cxb4 20. Bxb6 Rde8 21.
Ra7 Qe5 22. Bd4 Qb5 23. Kh1 Be5 24. Rb1 Bxd4 25. Qxd4 c5 26. Qf2 Qb6 27. Raa1
Qd6 28. Ra5 Re5 29. Nf1 Rfe8 30. Ne3 Nxe4 31. dxe4 Rxe4 32. Ned5 Bb7 33. Rd1
Bxd5 34. Nxd5 Re2 35. Qxc5 Re1+ 36. Rxe1 Rxe1+ 37. Qg1 Rxg1+ 38. Kxg1 h6 39.
Kf2 Qd7 40. Ne3 Qc7 41. Rd5 Qc3 42. Rd3 Qb2 43. Rb3 Qa1 44. Rxb4 Qf6+ 45. Ke2
g5 46. Re4 Qb2 47. Kf3 Qb1 48. c4 Qc1 49. Re5 Kg7 50. c5 f6 51. Rd5 Qb1 52. c6
Qc1 53. Rd7+ Kg6 54. Rd6 Qc3 55. Ke4 Qb4+ 56. Rd4 Qe7+ 57. Kd3 Qc7 58. Rc4 Qd6+
59. Ke2 Qc7 60. g4 h5 61. Nf5 hxg4 62. hxg4 Qh2+ 63. Kd3 Qh3+ 64. Kc2 Qg2+ 65.
Kb3 Qf3+ 66. Kb4 Qf2 67. c7 Qb2+ 68. Kc5 Qa3+ 69. Kc6 Qa6+ 70. Kd5 Qc8 71. Ne7+
1-0

[Event "Orsha Blitz 2019"]
[Site "Orsha"]
[Date "2019.01.19"]
[Round "2.9"]
[White "Rozenblit, David"]
[Black "Yashmetov, Mikhail"]
[Result "0-1"]
[WhiteElo "1802"]
[BlackElo "2375"]
[PlyCount "104"]
[EventDate "2019.01.19"]
[EventType "swiss (blitz)"]
[EventRounds "10"]
[EventCountry "BLR"]

1. e4 g6 2. d4 Bg7 3. Nc3 d5 4. exd5 Nf6 5. Bc4 O-O 6. Nge2 Nbd7 7. Bb3 Nb6 8.
O-O Nbxd5 9. Nxd5 Nxd5 10. c3 c6 11. Nf4 Nf6 12. Re1 Bf5 13. h3 Qd6 14. Be3
Rad8 15. Qe2 e5 16. dxe5 Qxe5 17. Rad1 Bh6 18. Nd3 Bxd3 19. Rxd3 Rxd3 20. Qxd3
Bxe3 21. Rxe3 Qf4 22. Rf3 Qe5 23. Rg3 Kg7 24. Re3 Qg5 25. Qe2 Rd8 26. Re7 Nd5
27. Bxd5 Rxd5 28. Rxb7 Rd2 29. Qf3 Qd5 30. Qxd5 cxd5 31. Kf1 a5 32. Ke1 Rc2 33.
a4 Kf6 34. g3 h5 35. Rb5 Ke6 36. Rxa5 Rxb2 37. Ra7 Rc2 38. Rc7 d4 39. Kd1 Rxf2
40. cxd4 Kd5 41. Rd7+ Ke4 42. a5 Ra2 43. Rxf7 Rxa5 44. Rf4+ Kd3 45. Ke1 Ke3 46.
Kd1 Rg5 47. Rf8 Rxg3 48. d5 Ke4 49. d6 Rxh3 50. d7 Rd3+ 51. Kc1 Rxd7 52. Rg8
Kf5 0-1

[Event "Orsha Blitz 2019"]
[Site "Orsha"]
[Date "2019.01.19"]
[Round "2.10"]
[White "Vorobjov, Pavel"]
[Black "Petrosyan, Sahak"]
[Result "1-0"]
[WhiteElo "2369"]
[BlackElo "1835"]
[PlyCount "73"]
[EventDate "2019.01.19"]
[EventType "swiss (blitz)"]
[EventRounds "10"]
[EventCountry "BLR"]

1. Nf3 d5 2. g3 c5 3. Bg2 Nc6 4. O-O g6 5. d3 Bg7 6. Nc3 e6 7. a3 Nge7 8. Bd2
O-O 9. e4 d4 10. Na4 b6 11. b4 cxb4 12. axb4 Bb7 13. b5 Nb8 14. Bb4 Nd7 15. Qe2
e5 16. Nd2 f5 17. Nc4 Rf6 18. Nd6 Bc8 19. exf5 Rb8 20. fxg6 Nxg6 21. Bd5+ Kh8
22. Nf7+ Rxf7 23. Bxf7 Qf6 24. Bd5 Ndf8 25. Nb2 Ne6 26. Qf3 Qd8 27. Rxa7 Ng5
28. Qh5 Nh3+ 29. Kh1 Qxd5+ 30. f3 Qd8 31. Be7 Qe8 32. Bf6 Rb7 33. Rxb7 Bxb7 34.
Bxg7+ Kxg7 35. Qxh3 Qxb5 36. Nc4 Qd5 37. Qf5 1-0

[Event "Orsha Blitz 2019"]
[Site "Orsha"]
[Date "2019.01.19"]
[Round "3.2"]
[White "Semenov, Rinat"]
[Black "Moskalenko, Alexander"]
[Result "1-0"]
[WhiteElo "2158"]
[BlackElo "2510"]
[PlyCount "105"]
[EventDate "2019.01.19"]
[EventType "swiss (blitz)"]
[EventRounds "10"]
[EventCountry "BLR"]

1. d4 d5 2. c4 e6 3. Nf3 Nf6 4. Nc3 c6 5. e3 Nbd7 6. Bd3 dxc4 7. Bxc4 b5 8. Bd3
Bd6 9. O-O Bb7 10. e4 e5 11. Bg5 O-O 12. Qe2 Re8 13. Rfd1 exd4 14. Nxd4 Qc7 15.
h3 a6 16. Nf5 Bh2+ 17. Kh1 Bf4 18. Bxf4 Qxf4 19. Qe3 Qxe3 20. Nxe3 c5 21. f3
Nb6 22. Kg1 Rad8 23. Kf2 g6 24. Bc2 Kf8 25. Rxd8 Rxd8 26. Rd1 Rxd1 27. Ncxd1
Ke7 28. Nc3 c4 29. Ng4 Nfd7 30. Ke3 h5 31. Nf2 Kd6 32. Kd4 Nc5 33. e5+ Kc6 34.
Nfe4 Ne6+ 35. Ke3 b4 36. Ne2 Nd5+ 37. Kf2 Ndf4 38. Nxf4 Nxf4 39. Ng5 Kd5 40.
Nxf7 h4 41. Be4+ Kd4 42. Bxb7 Nd3+ 43. Ke2 Nxb2 44. e6 b3 45. axb3 cxb3 46. e7
Nc4 47. e8=Q b2 48. Be4 a5 49. Qa4 Kc3 50. Bxg6 Nb6 51. Qc2+ Kd4 52. Qxb2+ Kc5
53. Ne5 1-0

[Event "Orsha Blitz 2019"]
[Site "Orsha"]
[Date "2019.01.19"]
[Round "3.3"]
[White "Grishchenko, Sergey"]
[Black "Rusov, Valery"]
[Result "1-0"]
[WhiteElo "2467"]
[BlackElo "2097"]
[PlyCount "53"]
[EventDate "2019.01.19"]
[EventType "swiss (blitz)"]
[EventRounds "10"]
[EventCountry "BLR"]

1. d4 d5 2. c4 dxc4 3. Nf3 Nf6 4. e3 e6 5. Bxc4 a6 6. O-O c5 7. dxc5 Qxd1 8.
Rxd1 Bxc5 9. Be2 b6 10. Nc3 Nbd7 11. Nd2 Bb7 12. Nc4 Nd5 13. Ne4 Ke7 14. Nxc5
bxc5 15. Na5 Rab8 16. e4 Nb4 17. f3 Nc2 18. Rb1 Nd4 19. Bf1 e5 20. Bd2 f6 21.
b4 Bc8 22. bxc5 Rxb1 23. Rxb1 Nxc5 24. Bb4 Nde6 25. Nb3 Kd6 26. Nxc5 Nxc5 27.
Rc1 1-0

[Event "Orsha Blitz 2019"]
[Site "Orsha"]
[Date "2019.01.19"]
[Round "3.4"]
[White "Goltseva, Ekaterina"]
[Black "Zabotin, Alexander"]
[Result "0-1"]
[WhiteElo "2150"]
[BlackElo "2439"]
[PlyCount "78"]
[EventDate "2019.01.19"]
[EventType "swiss (blitz)"]
[EventRounds "10"]
[EventCountry "BLR"]

1. d4 Nf6 2. c4 g6 3. Nc3 d5 4. cxd5 Nxd5 5. e4 Nxc3 6. bxc3 Bg7 7. Nf3 c5 8.
Rb1 Nc6 9. d5 Ne5 10. Nxe5 Bxe5 11. Bb5+ Bd7 12. Qd3 O-O 13. f4 Bg7 14. O-O
Bxb5 15. Rxb5 b6 16. c4 e6 17. Bb2 Bxb2 18. Rxb2 Qd7 19. f5 exf5 20. exf5 Rae8
21. Rbf2 Qd6 22. Qf3 Qe5 23. fxg6 hxg6 24. Qg4 Kg7 25. h3 Qe3 26. Kh1 Re4 27.
Qd7 Re7 28. Qc6 Qe5 29. Rf6 Qc3 30. R6f4 Re1 31. Qd6 Rxf1+ 32. Rxf1 Qxc4 33.
Qf6+ Kg8 34. d6 Qd4 35. Qe7 Qd3 36. Rf3 Qd1+ 37. Kh2 Qd5 38. d7 Qa8 39. Rxf7
Qb8+ 0-1

[Event "Orsha Blitz 2019"]
[Site "Orsha"]
[Date "2019.01.19"]
[Round "3.5"]
[White "Teterev, Vitaly"]
[Black "Kuleshov, Konstantin"]
[Result "1-0"]
[WhiteElo "2407"]
[BlackElo "2052"]
[PlyCount "55"]
[EventDate "2019.01.19"]
[EventType "swiss (blitz)"]
[EventRounds "10"]
[EventCountry "BLR"]

1. e4 c5 2. Nf3 g6 3. c3 d5 4. exd5 Qxd5 5. d4 Bg7 6. Be3 cxd4 7. cxd4 Nf6 8.
Nc3 Qa5 9. Bc4 O-O 10. O-O a6 11. a3 Qh5 12. h3 b5 13. Be2 Bb7 14. Ne5 Qf5 15.
Bd3 Qc8 16. Rc1 Qd8 17. Qe2 Nbd7 18. Rfd1 Nd5 19. Bg5 N7f6 20. Bb1 Rc8 21. Na2
h6 22. Be3 Qb6 23. Nd3 Qd6 24. Nc5 Ba8 25. Nc3 Nxc3 26. bxc3 Nd7 27. Ne4 Nf6
28. Nxd6 1-0

[Event "Orsha Blitz 2019"]
[Site "Orsha"]
[Date "2019.01.19"]
[Round "3.6"]
[White "Meshkov, Yuri A"]
[Black "Bury, Gleb M"]
[Result "1-0"]
[WhiteElo "2387"]
[BlackElo "1998"]
[PlyCount "79"]
[EventDate "2019.01.19"]
[EventType "swiss (blitz)"]
[EventRounds "10"]
[EventCountry "BLR"]

1. e4 c6 2. d4 d5 3. exd5 cxd5 4. c3 a6 5. a4 Nc6 6. Bf4 Nf6 7. Nd2 g6 8. Ngf3
Bg7 9. Bd3 O-O 10. h3 Nd7 11. O-O e5 12. dxe5 Ndxe5 13. Nxe5 Nxe5 14. Be2 d4
15. Bxe5 Bxe5 16. Nf3 Bg7 17. Nxd4 Qb6 18. Qd2 Bd7 19. Bf3 Rad8 20. Rfd1 Bc8
21. a5 Qc7 22. Qg5 Rfe8 23. Ne2 Be6 24. Rxd8 Rxd8 25. Qf4 Be5 26. Qa4 Bc4 27.
Nd4 h5 28. Qb4 Bd5 29. Bxd5 Rxd5 30. Nf3 Rb5 31. Qa3 Bd6 32. b4 Rf5 33. Qb3 Qe7
34. Re1 Qf6 35. Rd1 Bc7 36. Qc4 Rxf3 37. Qxc7 Rxf2 38. Qd8+ Qxd8 39. Rxd8+ Kg7
40. Kxf2 1-0

[Event "Orsha Blitz 2019"]
[Site "Orsha"]
[Date "2019.01.19"]
[Round "3.7"]
[White "Bogacheva, Anna"]
[Black "Borsuk, Yuriy"]
[Result "0-1"]
[WhiteElo "2005"]
[BlackElo "2385"]
[PlyCount "84"]
[EventDate "2019.01.19"]
[EventType "swiss (blitz)"]
[EventRounds "10"]
[EventCountry "BLR"]

1. e4 e5 2. Nc3 Nc6 3. g3 Nf6 4. Bg2 g6 5. d3 Bg7 6. Be3 d6 7. h3 Be6 8. Qd2 d5
9. Bh6 Bxh6 10. Qxh6 d4 11. Nce2 Qe7 12. Qd2 O-O-O 13. f4 Nd7 14. Nf3 f6 15. a4
a5 16. g4 Nc5 17. f5 gxf5 18. exf5 Bd5 19. Ng3 e4 20. dxe4 Nxe4 21. Nxe4 Qxe4+
22. Kf2 Nb4 23. Rac1 Qe3+ 24. Kg3 Qxd2 25. Nxd2 Bxg2 26. Kxg2 Rhe8 27. Kf2 d3
28. c3 Re2+ 29. Kf3 Rxd2 30. cxb4 axb4 31. Rc4 Rxb2 32. Rhc1 d2 33. Rd1 Rd3+
34. Kg2 b3 35. g5 fxg5 36. f6 Rd6 37. Rg4 h6 38. f7 Rf6 39. Rd4 Rxf7 40. R1xd2
Rxd2+ 41. Rxd2 Rf4 42. Rb2 Rb4 0-1

[Event "Orsha Blitz 2019"]
[Site "Orsha"]
[Date "2019.01.19"]
[Round "3.8"]
[White "Yashmetov, Mikhail"]
[Black "Strybuk, Artsiom I"]
[Result "0-1"]
[WhiteElo "2375"]
[BlackElo "1994"]
[PlyCount "88"]
[EventDate "2019.01.19"]
[EventType "swiss (blitz)"]
[EventRounds "10"]
[EventCountry "BLR"]

1. Nf3 Nf6 2. g3 g6 3. Bg2 Bg7 4. O-O O-O 5. d4 d6 6. b3 Nbd7 7. Bb2 c5 8. c4
a6 9. Nc3 cxd4 10. Nxd4 Nc5 11. Rc1 Rb8 12. b4 Ne6 13. Nb3 b6 14. Qd2 Bb7 15.
Nd5 b5 16. Bxf6 exf6 17. cxb5 axb5 18. Rfd1 f5 19. e3 h5 20. Na5 Ba8 21. Nc6
Bxc6 22. Rxc6 h4 23. Rxd6 Qxd6 24. Nf6+ Bxf6 25. Qxd6 Rbd8 26. gxh4 Rxd6 27.
Rxd6 Be7 28. Rb6 Bxb4 29. h5 Bc5 30. Rxb5 gxh5 31. Bd5 Be7 32. Bf3 h4 33. Rxf5
Rb8 34. Kg2 Rb2 35. Ra5 Bc5 36. Bd5 Bxe3 37. Kh3 Bxf2 38. Kg4 Kg7 39. a4 Bb6
40. Ra8 Rb4+ 41. Kf3 Nd4+ 42. Kg4 Ne6+ 43. Kf3 Nc7 44. Be4 Nxa8 0-1

[Event "Orsha Blitz 2019"]
[Site "Orsha"]
[Date "2019.01.19"]
[Round "3.9"]
[White "Ponikarovsky, Alexey"]
[Black "Vorobjov, Pavel"]
[Result "0-1"]
[WhiteElo "1995"]
[BlackElo "2369"]
[PlyCount "66"]
[EventDate "2019.01.19"]
[EventType "swiss (blitz)"]
[EventRounds "10"]
[EventCountry "BLR"]

1. e4 c5 2. Nf3 Nc6 3. Nc3 Nf6 4. Bb5 Nd4 5. O-O Nxb5 6. Nxb5 d6 7. e5 dxe5 8.
Nxe5 a6 9. Nc3 e6 10. d3 Bd6 11. Nf3 Qc7 12. Ne4 Nxe4 13. dxe4 O-O 14. Qe2 b5
15. e5 Be7 16. Bg5 Bb7 17. Bxe7 Qxe7 18. Rad1 Rfd8 19. Rxd8+ Rxd8 20. Rd1 h6
21. Rxd8+ Qxd8 22. Qd2 Qd5 23. b3 g5 24. h3 Kf8 25. Kf1 Ke7 26. Qxd5 exd5 27.
Nh2 Ke6 28. g3 Kxe5 29. Ng4+ Ke6 30. Nxh6 d4 31. Ke2 Be4 32. Kd2 Bf3 33. Kd3
Ke5 0-1